00801nam a2200241Ia 4500003000900000008004100009040001300050040001300063041000800076100001600084245012200100250002200222260002300244260000900267300001100276300001000287490000600297700001700303700001800320942000700338999001700345952019700362IT-RoPAU120407s9999 xx 000 0 und d aIT-RoPAU cIT-RoPAU aita aN. Castello aPadre Pio nella sua interiorità€. Figlio di Maria, Francescano, stigmatizzato, sacerdote, apostolo, guida spirituale aCinisello Balsamo aSan Paolo Edizioni c1997 a286 p. c22 cm v1 aA. Negrisolo aS. M. Manelli cBK c31497d31497 00102ddc406922_50000000000000071aPAULUSbPAULUSd2012-04-11l0o922.5r2012-04-11 00:00:00w2012-04-11yBKzInserito da: LuigiG In data: 27 ottobre 2011 fondo: Via A.Severo 56 Progr:28186